[Event "African Games-chT 2019"]
[Site "Casablanca"]
[Date "2019.08.24"]
[Round "2.17"]
[White "Adu, Oladapo"]
[Black "Oatlhotse, Providence"]
[Result "1/2-1/2"]
[WhiteElo "2273"]
[BlackElo "2252"]
[Annotator "NA"]
[PlyCount "164"]
[EventDate "2019.08.24"]
[EventType "team-tourn"]
[EventCountry "MAR"]
[SourceTitle "playchess.com"]
[Source "ChessBase"]
[SourceQuality "1"]
[WhiteTeam "Nigeria"]
[BlackTeam "Botswana"]
[WhiteTeamCountry "NGR"]
[BlackTeamCountry "BOT"]
[TimeControl "900+10"]

1. e4 {[%emt 0:00:00]} c5 {[%emt 0:00:00]} 2. Nf3 {[%emt 0:00:00]} d6 {[%emt 0:00:00]} 3. Nc3 {[%emt 0:00:02]} g6 {[%emt 0:00:08]} 4. d4 {[%emt 0:00:19]} cxd4 {[%emt 0:00:02]} 5. Qxd4 {[%emt 0:00:05]} Nf6 {[%emt 0:00:51]} 6. e5 {[%emt 0:00:04]} dxe5 {[%emt 0:01:15]} 7. Qxd8+ {[%emt 0:00:09]} Kxd8 {[%emt 0:00:02]} 8. Nxe5 {[%emt 0:00:04]} Be6 {[%emt 0:00:02]} 9. Be3 {[%emt 0:00:59]} Bg7 {[%emt 0:01:10]} 10. O-O-O+ {[%emt 0:00:13]} Kc8 {[%emt 0:00:12]} 11. Nb5 {[%emt 0:01:06]} Nd5 {[%emt 0:01:27]} 12. Bd4 {[%emt 0:00:36]} f6 {[%emt 0:00:45]} 13. Nd3 {[%emt 0:01:56]} Nc6 {[%emt 0:00:22]} 14. Nc5 {[%emt 0:01:22]} Bg8 {[%emt 0:00:20]} 15. Bc4 {[%emt 0:00:58]} Bh6+ {[%emt 0:00:59]} 16. Kb1 {[%emt 0:00:08]} Nc3+ 17. Bxc3 {[%emt 0:00:14]} Bxc4 {[%emt 0:00:30]} 18. Na3 {[%emt 0:00:48]} Bf7 {[%emt 0:00:56]} 19. Rhe1 {[%emt 0:00:34]} a6 {[%emt 0:02:37]} 20. Ne6 {[%emt 0:01:58]} Bxe6 {[%emt 0:03:21]} 21. Rxe6 {[%emt 0:00:01]} Kc7 {[%emt 0:00:05]} 22. Nc4 {[%emt 0:00:11]} Rad8 {[%emt 0:00:15]} 23. Rde1 {[%emt 0:00:04]} Rd5 {[%emt 0:00:09]} 24. a4 {[%emt 0:00:13]} Rhd8 {[%emt 0:00:23]} 25. g3 {[%emt 0:01:22]} Rd1+ {[%emt 0:00:20]} 26. Rxd1 {[%emt 0:00:06]} Rxd1+ {[%emt 0:00:01]} 27. Ka2 {[%emt 0:00:01]} Kd7 {[%emt 0:00:36]} 28. Re2 {[%emt 0:00:07]} e5 {[%emt 0:00:07]} 29. a5 {[%emt 0:00:18]} Bf8 {[%emt 0:00:10]} 30. Ne3 {[%emt 0:00:36]} Rh1 {[%emt 0:00:15]} 31. h4 {[%emt 0:00:02]} Bb4 {[%emt 0:00:32]} 32. Bxb4 {[%emt 0:00:08]} Nxb4+ {[%emt 0:00:01]} 33. Kb3 {[%emt 0:00:01]} Nc6 {[%emt 0:00:02]} 34. Rd2+ {[%emt 0:00:04]} Ke6 {[%emt 0:00:16]} 35. Nc4 {[%emt 0:00:03]} Ra1 {[%emt 0:00:21]} 36. Kc3 {[%emt 0:00:34]} Nd4 {[%emt 0:00:56]} 37. Kb4 {[%emt 0:00:39]} Nc6+ {[%emt 0:01:03]} 38. Kc5 {[%emt 0:00:08]} Nxa5 39. Rd6+ {[%emt 0:00:15]} Ke7 {[%emt 0:00:24]} 40. Rb6 {[%emt 0:00:07]} h5 {[%emt 0:00:26]} 41. Ne3 {[%emt 0:00:32]} f5 {[%emt 0:00:11]} 42. b4 {[%emt 0:00:08]} f4 {[%emt 0:00:14]} 43. Nd5+ {[%emt 0:00:08]} Kd7 {[%emt 0:00:01]} 44. bxa5 {[%emt 0:00:08]} Rxa5+ {[%emt 0:00:04]} 45. Kc4 {[%emt 0:00:01]} Rb5 {[%emt 0:00:26]} 46. Rxg6 {[%emt 0:00:14]} Rb1 {[%emt 0:00:04]} 47. gxf4 {[%emt 0:00:05]} exf4 {[%emt 0:00:01]} 48. Nxf4 {[%emt 0:00:06]} a5 {[%emt 0:00:00]} 49. Nd3 {[%emt 0:00:23]} Kc7 {[%emt 0:00:25]} 50. Rg5 {[%emt 0:00:05]} Kb6 {[%emt 0:00:06]} 51. Rg8 {[%emt 0:02:46]} Ka7 {[%emt 0:00:10]} 52. Rg5 {[%emt 0:00:26]} Kb6 {[%emt 0:00:06]} 53. Rxh5 {[%emt 0:00:14]} a4 {[%emt 0:00:04]} 54. Rh8 {[%emt 0:00:08]} Ka7 {[%emt 0:00:14]} 55. Rh5 {[%emt 0:00:24]} Kb6 {[%emt 0:00:13]} 56. Nc5 {[%emt 0:00:05]} a3 {[%emt 0:00:10]} 57. Na4+ {[%emt 0:00:02]} Ka6 {[%emt 0:00:24]} 58. Nc3 {[%emt 0:00:02]} b5+ {[%emt 0:00:11]} 59. Kc5 {[%emt 0:00:26]} b4 {[%emt 0:00:10]} 60. Rh6+ {[%emt 0:00:03]} Kb7 {[%emt 0:00:10]} 61. Rh7+ {[%emt 0:00:02]} Kb8 {[%emt 0:00:08]} 62. Na2 {[%emt 0:00:21]} Rb2 {[%emt 0:00:14]} 63. Rh8+ {[%emt 0:01:13]} Kb7 {[%emt 0:00:08]} 64. Rh7+ {[%emt 0:00:04]} Kb8 {[%emt 0:00:01]} 65. Kb6 {[%emt 0:00:02]} Kc8 {[%emt 0:00:07]} 66. Nc1 {[%emt 0:00:10]} Rxc2 {[%emt 0:00:19]} 67. Nb3 {[%emt 0:00:01]} Rc3 {[%emt 0:00:11]} 68. Nd4 {[%emt 0:00:35]} b3 {[%emt 0:00:13]} 69. Rh8+ {[%emt 0:00:30]} Kd7 {[%emt 0:00:02]} 70. Nxb3 {[%emt 0:00:04]} Rxb3+ {[%emt 0:00:01]} 71. Kc5 {[%emt 0:00:01]} a2 {[%emt 0:00:18]} 72. Ra8 {[%emt 0:00:01]} Rb2 {[%emt 0:00:01]} 73. f4 {[%emt 0:00:09]} Ke6 {[%emt 0:00:01]} 74. Kd4 {[%emt 0:00:02]} Kf5 {[%emt 0:00:04]} 75. Ke3 {[%emt 0:00:04]} Rb3+ {[%emt 0:00:04]} 76. Kf2 {[%emt 0:00:04]} Rb2+ {[%emt 0:00:00]} 77. Ke3 {[%emt 0:00:01]} Rb3+ {[%emt 0:00:01]} 78. Kd4 {[%emt 0:00:02]} Rb2 {[%emt 0:00:09]} 79. h5 {[%emt 0:00:07]} Kxf4 {[%emt 0:00:18]} 80. h6 {[%emt 0:00:02]} Rh2 {[%emt 0:00:26]} 81. h7 {[%emt 0:00:05]} Rxh7 {[%emt 0:00:40]} 82. Rxa2 {[%emt 0:00:01]} Rd7+ {[%emt 0:00:08]} 1/2-1/2

[Event "African Games-chT 2019"]
[Site "Casablanca"]
[Date "2019.08.24"]
[Round "2.18"]
[White "Khetho, Phemelo"]
[Black "Osunfuyi, Abimbola"]
[Result "0-1"]
[WhiteElo "2178"]
[BlackElo "2235"]
[Annotator "NA"]
[PlyCount "156"]
[EventDate "2019.08.24"]
[EventType "team-tourn"]
[EventCountry "MAR"]
[SourceTitle "playchess.com"]
[Source "ChessBase"]
[SourceQuality "1"]
[WhiteTeam "Botswana"]
[BlackTeam "Nigeria"]
[WhiteTeamCountry "BOT"]
[BlackTeamCountry "NGR"]
[TimeControl "900+10"]

1. e4 {[%emt 0:00:00]} c5 {[%emt 0:00:00]} 2. b3 {[%emt 0:00:04]} Nc6 {[%emt 0:00:04]} 3. Bb2 {[%emt 0:00:03]} e5 {[%emt 0:00:03]} 4. Bc4 {[%emt 0:00:04]} d6 {[%emt 0:01:08]} 5. Nc3 {[%emt 0:00:07]} Nf6 {[%emt 0:00:37]} 6. d3 {[%emt 0:00:13]} Be7 {[%emt 0:00:05]} 7. Nge2 {[%emt 0:00:04]} O-O {[%emt 0:00:13]} 8. O-O {[%emt 0:00:12]} Bg4 {[%emt 0:00:47]} 9. h3 {[%emt 0:00:06]} Be6 {[%emt 0:01:06]} 10. f4 {[%emt 0:00:19]} a6 {[%emt 0:01:49]} 11. f5 {[%emt 0:00:53]} Bd7 {[%emt 0:01:16]} 12. a4 {[%emt 0:00:10]} Rb8 {[%emt 0:00:12]} 13. Ng3 {[%emt 0:02:11]} Nb4 {[%emt 0:01:06]} 14. Bc1 {[%emt 0:04:22]} Bc6 {[%emt 0:02:51]} 15. a5 {[%emt 0:01:13]} d5 {[%emt 0:01:05]} 16. exd5 {[%emt 0:00:02]} Nbxd5 {[%emt 0:00:16]} 17. Nxd5 Nxd5 18. Ne4 {[%emt 0:01:52]} Nf6 {[%emt 0:00:57]} 19. Nxf6+ {[%emt 0:01:38]} Bxf6 {[%emt 0:00:02]} 20. Be3 {[%emt 0:00:02]} e4 {[%emt 0:00:58]} 21. Bxc5 {[%emt 0:01:26]} Bxa1 {[%emt 0:00:38]} 22. Qxa1 {[%emt 0:00:03]} Qg5 {[%emt 0:01:01]} 23. Rf2 {[%emt 0:01:43]} e3 {[%emt 0:00:23]} 24. Re2 {[%emt 0:00:05]} Rfe8 {[%emt 0:00:09]} 25. Qf1 {[%emt 0:00:35]} Re5 {[%emt 0:00:28]} 26. h4 {[%emt 0:00:48]} Qxf5 {[%emt 0:00:42]} 27. Qxf5 {[%emt 0:00:43]} Rxf5 {[%emt 0:00:01]} 28. Bxe3 {[%emt 0:00:03]} Re8 {[%emt 0:00:37]} 29. d4 {[%emt 0:00:22]} Rxa5 {[%emt 0:00:32]} 30. Kf2 {[%emt 0:00:17]} Rf5+ 31. Kg1 Rf6 {[%emt 0:00:33]} 32. Bg5 {[%emt 0:00:28]} Rxe2 {[%emt 0:00:04]} 33. Bxe2 {[%emt 0:00:03]} Re6 {[%emt 0:00:06]} 34. Bc4 {[%emt 0:00:10]} Re4 {[%emt 0:00:14]} 35. d5 {[%emt 0:00:04]} Bd7 {[%emt 0:00:23]} 36. Kf2 {[%emt 0:00:06]} h6 {[%emt 0:00:02]} 37. Bd8 {[%emt 0:00:04]} Rf4+ {[%emt 0:00:06]} 38. Kg3 {[%emt 0:00:02]} Rg4+ {[%emt 0:00:02]} 39. Kf3 {[%emt 0:00:01]} Rg6 {[%emt 0:00:09]} 40. Be7 {[%emt 0:00:03]} h5 {[%emt 0:00:04]} 41. g3 {[%emt 0:00:03]} Bf5 {[%emt 0:00:04]} 42. d6 {[%emt 0:00:07]} Bd7 {[%emt 0:00:02]} 43. Bd5 {[%emt 0:00:03]} b5 {[%emt 0:00:04]} 44. c4 {[%emt 0:00:04]} Rg4 {[%emt 0:00:15]} 45. c5 {[%emt 0:00:01]} Rd4 {[%emt 0:00:04]} 46. c6 {[%emt 0:00:03]} Bg4+ {[%emt 0:00:02]} 47. Ke3 Rxd5 {[%emt 0:00:06]} 48. d7 {[%emt 0:00:04]} Bxd7 {[%emt 0:00:03]} 49. cxd7 {[%emt 0:00:03]} Rxd7 {[%emt 0:00:01]} 50. Bc5 {[%emt 0:00:03]} Kh7 {[%emt 0:00:04]} 51. b4 {[%emt 0:00:02]} Kg6 {[%emt 0:00:02]} 52. Bf8 {[%emt 0:00:03]} Rd8 {[%emt 0:00:03]} 53. Bc5 {[%emt 0:00:01]} Kf5 {[%emt 0:00:01]} 54. Kf3 {[%emt 0:00:06]} Rd3+ {[%emt 0:00:02]} 55. Kf2 {[%emt 0:00:00]} Ke4 {[%emt 0:00:04]} 56. Bf8 {[%emt 0:00:03]} g6 {[%emt 0:00:04]} 57. Bh6 {[%emt 0:00:22]} Rb3 {[%emt 0:00:05]} 58. Bf8 {[%emt 0:00:02]} Rb2+ {[%emt 0:00:03]} 59. Ke1 {[%emt 0:00:01]} Kd3 {[%emt 0:00:07]} 60. Bc5 {[%emt 0:00:05]} Rg2 {[%emt 0:00:05]} 61. Bd6 {[%emt 0:00:02]} Ke4 {[%emt 0:00:11]} 62. Kf1 {[%emt 0:00:03]} Kf3 {[%emt 0:00:01]} 63. Ke1 {[%emt 0:00:01]} Re2+ {[%emt 0:00:05]} 64. Kd1 {[%emt 0:00:02]} Re4 {[%emt 0:00:16]} 65. Kc2 {[%emt 0:00:02]} Ke2 {[%emt 0:00:04]} 66. Kc3 {[%emt 0:00:04]} Rc4+ {[%emt 0:00:03]} 67. Kb3 {[%emt 0:00:01]} Kd3 {[%emt 0:00:02]} 68. Be5 {[%emt 0:00:04]} Re4 {[%emt 0:00:05]} 69. Bd6 {[%emt 0:00:07]} Re2 {[%emt 0:00:18]} 70. Bf4 {[%emt 0:00:03]} f6 {[%emt 0:00:04]} 71. Bh6 {[%emt 0:00:15]} Re4 {[%emt 0:00:07]} 72. Bg7 {[%emt 0:00:03]} g5 {[%emt 0:00:08]} 73. Bxf6 {[%emt 0:00:03]} g4 {[%emt 0:00:01]} 74. Bd8 {[%emt 0:00:06]} Re3 {[%emt 0:00:04]} 75. Bc7 {[%emt 0:00:04]} Ke2+ {[%emt 0:00:07]} 76. Kc2 {[%emt 0:00:01]} Rf3 {[%emt 0:00:08]} 77. Be5 {[%emt 0:00:10]} Kf2 {[%emt 0:00:03]} 78. Kd2 {[%emt 0:00:01]} Rxg3 0-1

[Event "African Games-chT 2019"]
[Site "Casablanca"]
[Date "2019.08.24"]
[Round "2.19"]
[White "Ogbiyoyo, Perpetual Eloho"]
[Black "Francis, Onkemetse"]
[Result "1/2-1/2"]
[WhiteElo "1831"]
[BlackElo "1792"]
[Annotator "NA"]
[PlyCount "132"]
[EventDate "2019.08.24"]
[EventType "team-tourn"]
[EventCountry "MAR"]
[SourceTitle "playchess.com"]
[Source "ChessBase"]
[SourceQuality "1"]
[WhiteTeam "Nigeria"]
[BlackTeam "Botswana"]
[WhiteTeamCountry "NGR"]
[BlackTeamCountry "BOT"]
[TimeControl "900+10"]

1. e4 {[%emt 0:00:00]} e5 {[%emt 0:00:00]} 2. Nf3 {[%emt 0:00:00]} Nc6 {[%emt 0:00:00]} 3. Bb5 {[%emt 0:00:00]} a6 {[%emt 0:00:00]} 4. Ba4 {[%emt 0:00:00]} Nf6 {[%emt 0:00:08]} 5. d3 {[%emt 0:00:04]} b5 {[%emt 0:00:30]} 6. Bb3 {[%emt 0:00:02]} Bc5 {[%emt 0:00:03]} 7. O-O {[%emt 0:00:03]} d6 {[%emt 0:00:02]} 8. h3 {[%emt 0:00:04]} Na5 {[%emt 0:00:11]} 9. Bg5 {[%emt 0:00:18]} Nxb3 {[%emt 0:00:06]} 10. axb3 {[%emt 0:00:03]} h6 {[%emt 0:00:02]} 11. Bh4 {[%emt 0:00:01]} Be6 {[%emt 0:00:21]} 12. c3 {[%emt 0:00:04]} Bb6 {[%emt 0:00:34]} 13. Re1 {[%emt 0:00:10]} O-O {[%emt 0:00:02]} 14. d4 {[%emt 0:00:35]} exd4 {[%emt 0:00:19]} 15. cxd4 {[%emt 0:00:03]} Qc8 {[%emt 0:01:16]} 16. Bxf6 {[%emt 0:00:12]} gxf6 {[%emt 0:00:00]} 17. Nc3 {[%emt 0:00:43]} Kg7 {[%emt 0:00:25]} 18. d5 {[%emt 0:01:20]} Bd7 {[%emt 0:00:02]} 19. Nh4 {[%emt 0:00:25]} Rg8 {[%emt 0:01:00]} 20. Qh5 {[%emt 0:00:10]} Qf8 {[%emt 0:04:46]} 21. Nd1 {[%emt 0:04:25]} Kh7 {[%emt 0:00:12]} 22. Kh2 {[%emt 0:01:29]} Qg7 {[%emt 0:01:02]} 23. Ne3 {[%emt 0:00:43]} Qg5 {[%emt 0:02:45]} 24. Qxg5 {[%emt 0:01:36]} fxg5 {[%emt 0:00:05]} 25. Nhf5 {[%emt 0:01:07]} Bxf5 {[%emt 0:01:31]} 26. exf5 {[%emt 0:00:04]} Kg7 {[%emt 0:00:31]} 27. g4 {[%emt 0:01:00]} a5 {[%emt 0:00:17]} 28. Kg2 {[%emt 0:00:07]} Rge8 {[%emt 0:00:01]} 29. Nc2 {[%emt 0:00:20]} Kf6 {[%emt 0:00:31]} 30. Na3 {[%emt 0:00:18]} b4 {[%emt 0:00:40]} 31. Nc4 {[%emt 0:00:04]} Rxe1 {[%emt 0:00:04]} 32. Rxe1 {[%emt 0:00:02]} Rc8 {[%emt 0:00:23]} 33. Kg3 {[%emt 0:00:34]} Ra8 {[%emt 0:00:27]} 34. f4 {[%emt 0:00:08]} Bd4 {[%emt 0:00:18]} 35. Kf3 {[%emt 0:00:54]} a4 {[%emt 0:00:45]} 36. Rd1 {[%emt 0:00:07]} Bc5 {[%emt 0:00:08]} 37. Ra1 {[%emt 0:00:04]} a3 {[%emt 0:00:07]} 38. bxa3 {[%emt 0:00:03]} bxa3 {[%emt 0:00:02]} 39. Ra2 {[%emt 0:00:11]} Rb8 {[%emt 0:00:04]} 40. Nd2 {[%emt 0:00:39]} Rb4 {[%emt 0:00:01]} 41. fxg5+ hxg5 {[%emt 0:00:01]} 42. Ne4+ {[%emt 0:01:50]} Kg7 {[%emt 0:00:29]} 43. Nxc5 {[%emt 0:00:00]} dxc5 44. Rxa3 Rd4 {[%emt 0:00:11]} 45. Ra7 {[%emt 0:00:00]} Rxd5 {[%emt 0:00:13]} 46. Rxc7 {[%emt 0:00:00]} Rd3+ {[%emt 0:00:02]} 47. Ke4 {[%emt 0:00:42]} Rxh3 {[%emt 0:00:03]} 48. Rxc5 {[%emt 0:00:06]} Rxb3 {[%emt 0:00:02]} 49. Rc4 {[%emt 0:00:23]} Kf6 {[%emt 0:00:43]} 50. Rc6+ {[%emt 0:00:04]} Kg7 {[%emt 0:00:00]} 51. Rc4 {[%emt 0:01:12]} Rb5 {[%emt 0:00:24]} 52. Rd4 {[%emt 0:00:02]} Rb3 {[%emt 0:00:14]} 53. Ke5 {[%emt 0:00:06]} Rb5+ {[%emt 0:00:06]} 54. Kd6 {[%emt 0:00:03]} Kf6 {[%emt 0:00:09]} 55. Kc6 {[%emt 0:00:11]} Re5 {[%emt 0:00:10]} 56. Rd6+ {[%emt 0:00:26]} Kg7 {[%emt 0:00:07]} 57. Rd4 {[%emt 0:00:19]} Re3 {[%emt 0:00:02]} 58. Kd6 {[%emt 0:00:05]} Kf6 {[%emt 0:00:05]} 59. Kd7 {[%emt 0:00:08]} Rf3 {[%emt 0:00:53]} 60. Re4 {[%emt 0:00:44]} Rf4 {[%emt 0:00:13]} 61. Re8 {[%emt 0:00:15]} Rxg4 {[%emt 0:00:02]} 62. Kd6 {[%emt 0:00:15]} Kxf5 {[%emt 0:00:04]} 63. Rf8 {[%emt 0:00:10]} f6 {[%emt 0:00:01]} 64. Ke7 {[%emt 0:00:06]} Re4+ {[%emt 0:00:03]} 65. Kd6 {[%emt 0:00:01]} g4 {[%emt 0:00:06]} 66. Kd5 {[%emt 0:00:02]} Re5+ {[%emt 0:00:02]} 1/2-1/2

[Event "African Games-chT 2019"]
[Site "Casablanca"]
[Date "2019.08.24"]
[Round "2.20"]
[White "Gabatshwarwe Refilwe"]
[Black "Ofowino, Toritsemuwa"]
[Result "1/2-1/2"]
[WhiteElo "1649"]
[BlackElo "1877"]
[Annotator "NA"]
[PlyCount "186"]
[EventDate "2019.08.24"]
[EventType "team-tourn"]
[EventCountry "MAR"]
[SourceTitle "playchess.com"]
[Source "ChessBase"]
[SourceQuality "1"]
[WhiteTeam "Botswana"]
[BlackTeam "Nigeria"]
[WhiteTeamCountry "BOT"]
[BlackTeamCountry "NGR"]
[TimeControl "900+10"]

1. d4 {[%emt 0:00:00]} d5 {[%emt 0:00:00]} 2. Nf3 {[%emt 0:00:00]} Nf6 {[%emt 0:00:00]} 3. Bf4 {[%emt 0:00:00]} c5 {[%emt 0:00:00]} 4. e3 {[%emt 0:00:03]} Qb6 {[%emt 0:00:06]} 5. Nc3 {[%emt 0:00:14]} e6 {[%emt 0:00:10]} 6. Be2 {[%emt 0:01:05]} a6 {[%emt 0:00:52]} 7. Rb1 {[%emt 0:00:15]} Be7 {[%emt 0:00:54]} 8. h3 {[%emt 0:00:02]} Nc6 {[%emt 0:00:22]} 9. O-O {[%emt 0:00:45]} O-O {[%emt 0:00:02]} 10. a3 {[%emt 0:00:19]} cxd4 {[%emt 0:00:56]} 11. exd4 {[%emt 0:00:09]} Bd7 {[%emt 0:00:22]} 12. Re1 {[%emt 0:00:42]} Rfc8 {[%emt 0:00:03]} 13. Na2 {[%emt 0:00:57]} Na5 {[%emt 0:00:28]} 14. c3 {[%emt 0:00:39]} Ba4 {[%emt 0:00:45]} 15. Qxa4 {[%emt 0:00:11]} Nc4 {[%emt 0:00:02]} 16. Ne5 {[%emt 0:00:27]} Nxe5 {[%emt 0:00:42]} 17. Bxe5 {[%emt 0:00:06]} Ne4 {[%emt 0:00:03]} 18. Qd1 {[%emt 0:00:36]} Nd6 {[%emt 0:01:30]} 19. Bxd6 {[%emt 0:00:21]} Bxd6 {[%emt 0:00:01]} 20. Nb4 {[%emt 0:00:22]} Rc7 {[%emt 0:00:03]} 21. Nd3 {[%emt 0:00:21]} Rac8 {[%emt 0:00:20]} 22. Bf3 {[%emt 0:00:29]} Bf8 {[%emt 0:01:40]} 23. Qe2 {[%emt 0:01:07]} Bd6 {[%emt 0:00:53]} 24. g3 {[%emt 0:00:10]} Qa5 {[%emt 0:00:19]} 25. Bg2 {[%emt 0:00:34]} Qb5 {[%emt 0:00:31]} 26. Ne5 {[%emt 0:00:29]} Qe8 {[%emt 0:00:03]} 27. Nd3 {[%emt 0:00:32]} Qb5 {[%emt 0:00:20]} 28. Nf4 {[%emt 0:00:10]} Qd7 {[%emt 0:00:15]} 29. Nd3 {[%emt 0:00:13]} Qb5 {[%emt 0:00:06]} 30. Bf3 {[%emt 0:00:15]} Rf8 {[%emt 0:00:28]} 31. Bg2 {[%emt 0:00:13]} Rcc8 {[%emt 0:00:07]} 32. Ne5 {[%emt 0:00:20]} Qe8 {[%emt 0:00:17]} 33. Nd3 {[%emt 0:00:12]} Qb5 {[%emt 0:00:14]} 34. Bf1 {[%emt 0:00:15]} Qd7 {[%emt 0:00:08]} 35. Rbd1 {[%emt 0:00:30]} Qd8 {[%emt 0:00:03]} 36. Qf3 {[%emt 0:00:14]} Qc7 {[%emt 0:00:55]} 37. Rd2 {[%emt 0:00:57]} Qd7 {[%emt 0:00:36]} 38. Bg2 {[%emt 0:00:21]} Qb5 {[%emt 0:00:22]} 39. Ne5 {[%emt 0:00:21]} Rc7 {[%emt 0:00:16]} 40. Qd3 {[%emt 0:00:17]} Qa4 {[%emt 0:00:16]} 41. Qc2 {[%emt 0:00:12]} Qe8 {[%emt 0:00:41]} 42. Rde2 {[%emt 0:00:46]} Qc8 {[%emt 0:00:10]} 43. Qd2 {[%emt 0:00:43]} Qd8 {[%emt 0:00:27]} 44. Nf3 {[%emt 0:00:23]} Qd7 {[%emt 0:00:28]} 45. Qd3 {[%emt 0:00:11]} h6 {[%emt 0:00:04]} 46. Rc1 {[%emt 0:00:10]} Rfc8 {[%emt 0:00:04]} 47. Rec2 {[%emt 0:00:04]} b5 {[%emt 0:00:16]} 48. a4 {[%emt 0:00:09]} Rc4 {[%emt 0:00:45]} 49. Ne5 {[%emt 0:00:12]} Bxe5 {[%emt 0:00:04]} 50. dxe5 {[%emt 0:00:01]} Rxa4 {[%emt 0:00:15]} 51. b3 {[%emt 0:00:14]} Ra3 {[%emt 0:00:08]} 52. b4 {[%emt 0:00:38]} Qc7 {[%emt 0:00:11]} 53. Qd4 {[%emt 0:00:29]} Ra4 {[%emt 0:00:18]} 54. Bf1 {[%emt 0:00:17]} Qb8 {[%emt 0:00:18]} 55. Qe3 {[%emt 0:00:20]} Rc6 {[%emt 0:00:08]} 56. Bd3 {[%emt 0:00:13]} Qc7 {[%emt 0:00:04]} 57. Be2 {[%emt 0:00:02]} Ra3 {[%emt 0:00:03]} 58. Bf3 {[%emt 0:00:08]} Rc4 {[%emt 0:00:07]} 59. Qe1 {[%emt 0:00:13]} Qc6 {[%emt 0:00:15]} 60. Bg2 {[%emt 0:00:12]} Ra4 {[%emt 0:00:09]} 61. Ra1 {[%emt 0:00:02]} Raxb4 {[%emt 0:01:20]} 62. cxb4 {[%emt 0:00:14]} Rxc2 {[%emt 0:00:01]} 63. Qe3 {[%emt 0:00:22]} Rc3 {[%emt 0:01:11]} 64. Qd2 {[%emt 0:00:41]} Rc4 {[%emt 0:00:23]} 65. Qb2 {[%emt 0:00:26]} Qc8 {[%emt 0:00:19]} 66. Bf1 {[%emt 0:00:14]} Rc2 {[%emt 0:00:06]} 67. Qa3 {[%emt 0:00:07]} Rc6 {[%emt 0:00:01]} 68. h4 {[%emt 0:00:18]} Qc7 {[%emt 0:00:02]} 69. Qb2 {[%emt 0:00:20]} Rc2 {[%emt 0:00:11]} 70. Qd4 {[%emt 0:00:06]} Rc6 {[%emt 0:00:18]} 71. Ra3 {[%emt 0:00:24]} g6 {[%emt 0:00:25]} 72. Qa1 {[%emt 0:00:38]} Qb6 {[%emt 0:00:09]} 73. Rc3 {[%emt 0:00:19]} Qc7 {[%emt 0:00:06]} 74. Ra3 {[%emt 0:00:13]} Rc1 {[%emt 0:00:32]} 75. Qd4 {[%emt 0:00:06]} Rc6 {[%emt 0:00:07]} 76. Qf4 {[%emt 0:00:27]} Kg7 {[%emt 0:00:19]} 77. Qf6+ {[%emt 0:00:03]} Kh7 {[%emt 0:00:01]} 78. Rf3 {[%emt 0:00:20]} Kg8 {[%emt 0:00:05]} 79. h5 {[%emt 0:00:03]} Rc3 {[%emt 0:00:24]} 80. Rxc3 {[%emt 0:00:24]} Qxc3 {[%emt 0:00:01]} 81. hxg6 {[%emt 0:00:03]} Qc7 {[%emt 0:00:47]} 82. gxf7+ {[%emt 0:00:28]} Qxf7 {[%emt 0:00:02]} 83. Qxh6 {[%emt 0:00:03]} Qf5 {[%emt 0:00:16]} 84. Bh3 {[%emt 0:00:17]} Qb1+ {[%emt 0:00:45]} 85. Kh2 {[%emt 0:00:04]} Qh7 {[%emt 0:00:02]} 86. Bxe6+ {[%emt 0:00:11]} Kh8 {[%emt 0:00:08]} 87. Qxh7+ {[%emt 0:00:02]} Kxh7 {[%emt 0:00:00]} 88. Bxd5 {[%emt 0:00:01]} Kg6 {[%emt 0:00:04]} 89. f4 {[%emt 0:00:03]} Kg7 {[%emt 0:00:02]} 90. Kh3 {[%emt 0:00:01]} Kf8 {[%emt 0:00:01]} 91. Bb7 {[%emt 0:00:02]} a5 {[%emt 0:00:01]} 92. bxa5 {[%emt 0:00:01]} b4 {[%emt 0:00:02]} 93. Bd5 {[%emt 0:00:02]} Ke7 1/2-1/2